000 00449nam a2200181Ia 4500
001 23827
005 20260414151003.0
008 260414t2016||||xx |||||||||||||| ||spa||
041 _aESP
082 _a720
_bC247
100 _aCisternas, Alicia Claudia
_eAUT
245 0 _aConceptos básicos de estructuras resistentes
_b
260 _c2016
300 _a368 páginas :
_c29 cm.
650 _aABD
654 _aCAU
942 _cLIB
_dJUS
_fJUS
_2ddc
_n
999 _c23827
_d23827